000 00667nam a2200217 4500
001 121308
003 ES-MaACL
005 20240604125306.0
007 t|
008 070214s1946 sp r ||||1| spa d
100 1 _aPriestley, J. B.
_993870
245 1 0 _aTres hombres vuelven del frente /
_cJ. B. Priestley ; traducción del inglés por Jaime Bofill y Ferro.
260 _aBarcelona :
_bM. Arimany,
_c1946.
300 _a196 p. ;
_c19 cm.
490 1 _aAldebarán
700 1 _aBofill i Ferro, Jaume.
_929787
830 0 _aColección Aldebarán ;
_9229180
_v16
852 _aES-MaACL
_jB-10638
_bR.22715
942 _2udc
999 _c121308
_d121308